[Event "DBMM 2015 (XV.)"]
[Site "München"]
[Date "2015.10.24"]
[Round "5.2"]
[White "Karthaus, Carsten"]
[Black "Eggerer, Stefan"]
[Result "0-1"]
[WhiteElo "1925"]
[BlackElo "2156"]
[PlyCount "148"]
[EventDate "2015.10.24"]
[EventRounds "7"]
[EventCountry "GER"]
[WhiteTeam "SG Stern Stuttgart 1"]
[BlackTeam "Flughafen München 1"]

1. e4 e6 2. d4 d5 3. exd5 exd5 4. Bd3 Bd6 5. Ne2 Bg4 6. f3 Bh5 7. Bf4 Nc6 8. c3
Nge7 9. Qc2 Bg6 10. Nd2 Bxd3 11. Qxd3 Ng6 12. Bxd6 Qxd6 13. O-O-O O-O-O 14. Nf1
Rde8 15. Nfg3 Qd7 16. h4 h5 17. Rd2 Kd8 18. Nf5 Nce7 19. Ne3 Qd6 20. g3 c6 21.
f4 Nc8 22. f5 Nf8 23. Ng2 Nd7 24. Qf3 Nf6 25. Nef4 Ne4 26. Re2 Ne7 27. Ne3 g6
28. g4 hxg4 29. Qxg4 gxf5 30. Nxf5 Qd7 31. Ne3 Qxg4 32. Nxg4 Ng3 33. Reh2 Nxh1
34. Rxh1 Nf5 35. Ne5 Rxh4 36. Nxf7+ Kc7 37. Rxh4 Nxh4 38. Ne5 Nf5 39. Kd2 Rh8
40. Kc2 Rh2+ 41. Kb3 Kd6 42. Nf7+ Ke7 43. Ne5 Nd6 44. Nfd3 Ne4 45. a4 a5 46.
Ka3 Nd2 47. b4 Nb1+ 48. Kb3 Nd2+ 49. Ka3 axb4+ 50. Kxb4 Ne4 51. c4 Kd6 52. Nf7+
Kc7 53. cxd5 Rd2 54. Nfe5 cxd5 55. Kb5 Rd1 56. a5 Rb1+ 57. Nb4 Nc3+ 58. Kc5
Na4+ 59. Kb5 Nc3+ 60. Kc5 Ra1 61. Nxd5+ Nxd5 62. Kxd5 Rxa5+ 63. Kc4 Ra4+ 64.
Kc3 b5 65. Nd3 Kd6 66. Nb4 Ra3+ 67. Kb2 Rh3 68. Kc2 Kc7 69. Nd5+ Kc6 70. Nb4+
Kb6 71. Nd3 Ka5 72. d5 Rh5 73. d6 Rd5 74. d7 Rxd7 0-1

[Event "DBMM 2015 (XV.)"]
[Site "München"]
[Date "2015.10.24"]
[Round "5.4"]
[White "Bangert, Udo"]
[Black "Däbritz, Hans-Jörg"]
[Result "0-1"]
[WhiteElo "1904"]
[BlackElo "1907"]
[PlyCount "53"]
[EventDate "2015.10.24"]
[EventRounds "7"]
[EventCountry "GER"]
[WhiteTeam "SG Stern Stuttgart 1"]
[BlackTeam "Flughafen München 1"]

1. b3 d5 2. Bb2 e6 3. e3 Nf6 4. f4 c5 5. Nf3 Nc6 6. Bb5 Bd7 7. O-O Be7 8. Qe2
a6 9. Bxc6 Bxc6 10. Ne5 Qc7 11. a4 O-O 12. d3 Rad8 13. Nd2 b5 14. axb5 axb5 15.
Ndf3 Bb7 16. g4 Ne8 17. g5 Nd6 18. Ng4 Nf5 19. Nh6+ gxh6 20. gxh6 f6 21. Qg2+
Kf7 22. Qh3 Rg8+ 23. Kf2 Rg6 24. Qh5 d4 25. e4 Qxf4 26. Rae1 Qxh6 27. exf5 0-1

[Event "DBMM 2015 (XV.)"]
[Site "München"]
[Date "2015.10.24"]
[Round "5.1"]
[White "IM Safyanowsky, Mark"]
[Black "FM Gohil, Harry"]
[Result "0-1"]
[WhiteElo "2248"]
[BlackElo "2282"]
[PlyCount "101"]
[EventDate "2015.10.24"]
[EventRounds "7"]
[EventCountry "GER"]
[WhiteTeam "SV Osram Augsburg 1"]
[BlackTeam "Commerzbank Frankfurt 1"]

1. Nf3 Nf6 2. c4 g6 3. Nc3 Bg7 4. d4 O-O 5. e4 d6 6. Be2 Nbd7 7. O-O e5 8. d5
Nc5 9. Bg5 h6 10. Bxf6 Bxf6 11. Ne1 Bg7 12. b4 Nd7 13. Nd3 f5 14. Bf3 Nf6 15.
Re1 f4 16. Be2 g5 17. f3 h5 18. Nf2 a5 19. a3 axb4 20. axb4 Rxa1 21. Qxa1 g4
22. Nd3 Nh7 23. Qd1 Qh4 24. Bf1 Ng5 25. Qe2 Rf7 26. Ra1 Bf8 27. Ne1 gxf3 28.
Nxf3 Nxf3+ 29. gxf3 c6 30. Kh1 Be7 31. Ra8 Rf8 32. Na4 Bd7 33. Rxf8+ Kxf8 34.
Nb6 Be8 35. Nc8 cxd5 36. cxd5 Bd7 37. Nb6 Ke8 38. Nxd7 Kxd7 39. Qb5+ Kc7 40.
Qc4+ Kb8 41. Kg2 Qg5+ 42. Kh1 Qg8 43. Qb5 Bd8 44. Qd7 Bb6 45. Bg2 Qc8 46. Qxd6+
Ka7 47. Bf1 Qc1 48. Kg2 Qe1 49. Qxe5 Qf2+ 50. Kh3 Qxf3+ 51. Kh4 0-1

[Event "DBMM 2015 (XV.)"]
[Site "München"]
[Date "2015.10.24"]
[Round "5.2"]
[White "Lutterbey, Ralf"]
[Black "Demir, Bilal"]
[Result "0-1"]
[WhiteElo "1882"]
[BlackElo "2099"]
[PlyCount "62"]
[EventDate "2015.10.24"]
[EventRounds "7"]
[EventCountry "GER"]
[WhiteTeam "Commerzbank Frankfurt 1"]
[BlackTeam "SV Osram Augsburg 1"]

1. e4 e5 2. Bc4 Nf6 3. d4 exd4 4. Nf3 Nc6 5. O-O d6 6. Nxd4 Be7 7. Nc3 O-O 8.
f3 Ne5 9. Bb3 c5 10. Nde2 c4 11. Ba4 a6 12. Be3 b5 13. Nxb5 axb5 14. Bxb5 Bd7
15. Nd4 Bxb5 16. Nxb5 d5 17. exd5 Nxd5 18. Bf2 Qd7 19. Re1 Bf6 20. a4 Rfd8 21.
Bd4 Nc6 22. Bxf6 Nxf6 23. Qxd7 Rxd7 24. Kf2 Kf8 25. Re3 Nb4 26. Re2 Nfd5 27. b3
Nf4 28. Re4 Nxc2 29. Rb1 Nd3+ 30. Kg3 cxb3 31. Rxb3 Nc5 0-1

[Event "DBMM 2015 (XV.)"]
[Site "München"]
[Date "2015.10.24"]
[Round "5.3"]
[White "Czap, Bernard"]
[Black "Brauer, Frank"]
[Result "1/2-1/2"]
[WhiteElo "2073"]
[BlackElo "1861"]
[PlyCount "88"]
[EventDate "2015.10.24"]
[EventRounds "7"]
[EventCountry "GER"]
[WhiteTeam "SV Osram Augsburg 1"]
[BlackTeam "Commerzbank Frankfurt 1"]

1. Nf3 Nf6 2. c4 c5 3. g3 Nc6 4. Bg2 e6 5. O-O Be7 6. b3 O-O 7. Bb2 d5 8. e3
Qb6 9. Na3 d4 10. exd4 cxd4 11. Re1 a6 12. Nc2 Bc5 13. d3 Re8 14. b4 Nxb4 15.
Nxb4 Qxb4 16. Bxd4 Bxd4 17. Nxd4 Qd6 18. Nb3 Rb8 19. c5 Qc7 20. d4 Bd7 21. Nd2
Bc6 22. Nc4 Bxg2 23. Kxg2 Nd7 24. Nd6 Rf8 25. Rc1 b6 26. Qc2 bxc5 27. dxc5 Nf6
28. Qe2 Qc6+ 29. Qf3 Nd5 30. Re2 Nb4 31. Qxc6 Nxc6 32. Rd2 Rfd8 33. Rcd1 Kf8
34. h4 h5 35. Kf1 g6 36. Ke2 Ke7 37. Kf1 Kf8 38. Rd3 Ke7 39. Rf3 f6 40. Re1 Rb2
41. Ra3 a5 42. Re2 Rb1+ 43. Re1 Rb2 44. Re2 Rb1+ 1/2-1/2

[Event "DBMM 2015 (XV.)"]
[Site "München"]
[Date "2015.10.24"]
[Round "5.1"]
[White "Körlin, Hans-Jürgen"]
[Black "Bintakies, Michael"]
[Result "0-1"]
[WhiteElo "1882"]
[BlackElo "2190"]
[PlyCount "59"]
[EventDate "2015.10.24"]
[EventRounds "7"]
[EventCountry "GER"]
[WhiteTeam "Bezirksamt Berlin Tempelhof 1"]
[BlackTeam "Bayerische Landesbank 1"]

1. e4 d6 2. d4 Nf6 3. Nc3 e5 4. dxe5 dxe5 5. Qxd8+ Kxd8 6. Bg5 c6 7. O-O-O+ Ke8
8. a3 Be6 9. f4 exf4 10. Nge2 Be7 11. Nxf4 Ng4 12. Bxe7 Kxe7 13. Re1 Nd7 14. h3
Nge5 15. b3 Rad8 16. Be2 Ng6 17. Nh5 Rhg8 18. Rhf1 f6 19. g4 h6 20. Ng3 Nh4 21.
Nf5+ Bxf5 22. exf5 Ne5 23. Rf2 Rd4 24. Bf1 Rgd8 25. Ne4 Nhf3 26. Re3 b6 27. Ng3
Ng5 28. Nh5 Kf7 29. Nf4 Ne4 30. Re1 0-1

[Event "DBMM 2015 (XV.)"]
[Site "München"]
[Date "2015.10.24"]
[Round "5.2"]
[White "Bonacci, Mauro Dr"]
[Black "Kettenburg, Stefan Dr"]
[Result "1/2-1/2"]
[WhiteElo "2142"]
[BlackElo "2063"]
[PlyCount "52"]
[EventDate "2015.10.24"]
[EventRounds "7"]
[EventCountry "GER"]
[WhiteTeam "Bayerische Landesbank 1"]
[BlackTeam "Bezirksamt Berlin Tempelhof 1"]

1. e4 c6 2. d4 d5 3. Nc3 dxe4 4. Nxe4 Nd7 5. Bd3 Ngf6 6. Ng5 e6 7. Ne2 Be7 8.
O-O O-O 9. Ng3 h6 10. Nf3 b6 11. Qe2 Re8 12. Rd1 Qc7 13. Ne5 Bb7 14. Nh5 c5 15.
Nxd7 Qxd7 16. dxc5 Qc6 17. Nf4 Qxc5 18. Be3 Qc7 19. Nh5 Red8 20. Nxf6+ Bxf6 21.
c3 Be5 22. h3 Rd7 23. Bb5 Rxd1+ 24. Rxd1 Rd8 25. Rxd8+ Qxd8 26. Qd2 Qxd2
1/2-1/2

[Event "DBMM 2015 (XV.)"]
[Site "München"]
[Date "2015.10.24"]
[Round "5.4"]
[White "Luft, Martin"]
[Black "Baranowsky, Peter"]
[Result "1-0"]
[WhiteElo "2114"]
[BlackElo "1945"]
[PlyCount "59"]
[EventDate "2015.10.24"]
[EventRounds "7"]
[EventCountry "GER"]
[WhiteTeam "Bayerische Landesbank 1"]
[BlackTeam "Bezirksamt Berlin Tempelhof 1"]

1. d4 Nf6 2. Nf3 e6 3. e3 d5 4. Bd3 c5 5. b3 cxd4 6. exd4 Nc6 7. O-O Bd6 8. Bb2
O-O 9. a3 b6 10. Nbd2 Bb7 11. Re1 Rc8 12. Ne5 Ne7 13. f4 Ng6 14. Qf3 Rc7 15.
Re2 Re7 16. Rf1 Qc7 17. g4 Bxe5 18. fxe5 Nd7 19. a4 Ree8 20. Ba3 Ne7 21. Qh3 g6
22. Re3 Kg7 23. Qh4 Qd8 24. Rh3 Rh8 25. Qh6+ Kg8 26. Nf3 Nf8 27. Ng5 Nf5 28.
gxf5 exf5 29. Bxf8 Rxf8 30. Nxh7 1-0

[Event "DBMM 2015 (XV.)"]
[Site "München"]
[Date "2015.10.24"]
[Round "5.1"]
[White "WGM Belic, Jordanka"]
[Black "FM Gempe, Thomas"]
[Result "1/2-1/2"]
[WhiteElo "2248"]
[BlackElo "2210"]
[PlyCount "75"]
[EventDate "2015.10.24"]
[EventRounds "7"]
[EventCountry "GER"]
[WhiteTeam "imp GmbH Halle/Saale 1"]
[BlackTeam "ADAC München 1"]

1. e4 g6 2. d4 Bg7 3. Nc3 d6 4. Be2 a6 5. a4 b6 6. f4 Bb7 7. Nf3 e6 8. O-O Ne7
9. Kh1 Nd7 10. e5 Nf5 11. exd6 cxd6 12. d5 Bxc3 13. dxe6 Bf6 14. exd7+ Qxd7 15.
Bd3 O-O 16. Qe2 Bc6 17. Qf2 b5 18. axb5 axb5 19. Rxa8 Rxa8 20. c3 Ra2 21. Bb1
Ra1 22. Bc2 h6 23. Kg1 Bd8 24. Bxf5 Qxf5 25. Nd4 Qd5 26. Nxc6 Qxc6 27. Be3
Rxf1+ 28. Kxf1 Qe4 29. Qe2 Bf6 30. Qd2 d5 31. Kf2 b4 32. Bd4 Bxd4+ 33. Qxd4
Qc2+ 34. Kf3 b3 35. Qxd5 Qxb2 36. Qd8+ Kg7 37. Qd4+ Kg8 38. Qd8+ 1/2-1/2

[Event "DBMM 2015 (XV.)"]
[Site "München"]
[Date "2015.10.24"]
[Round "5.2"]
[White "Haas, Peter"]
[Black "Reinemann, Günter Dr"]
[Result "1-0"]
[WhiteElo "2076"]
[BlackElo "1930"]
[PlyCount "59"]
[EventDate "2015.10.24"]
[EventRounds "7"]
[EventCountry "GER"]
[WhiteTeam "ADAC München 1"]
[BlackTeam "imp GmbH Halle/Saale 1"]

1. d4 Nf6 2. Nf3 g6 3. c4 Bg7 4. Nc3 d6 5. Bg5 Nbd7 6. e3 h6 7. Bh4 c5 8. Be2
O-O 9. O-O a6 10. Rc1 g5 11. Bg3 Nh5 12. Qc2 Nxg3 13. hxg3 Rb8 14. Rfd1 Qe8 15.
g4 e5 16. dxe5 dxe5 17. Ne4 Qe7 18. Rd5 b5 19. cxb5 axb5 20. Rcd1 c4 21. Nd6
Nb6 22. Rxb5 Bxg4 23. Nh4 gxh4 24. Bxg4 Rfd8 25. Nf5 Rxd1+ 26. Qxd1 Qf6 27. Qd6
Qxd6 28. Nxd6 Bf8 29. Nxc4 Nd7 30. Bxd7 1-0

[Event "DBMM 2015 (XV.)"]
[Site "München"]
[Date "2015.10.24"]
[Round "5.3"]
[White "Kleint, Gert"]
[Black "Budai, Zoltan"]
[Result "1/2-1/2"]
[WhiteElo "1757"]
[BlackElo "2043"]
[PlyCount "161"]
[EventDate "2015.10.24"]
[EventType "team-swiss"]
[EventRounds "7"]
[EventCountry "GER"]
[WhiteTeam "imp GmbH Halle/Saale 1"]
[BlackTeam "ADAC München 1"]

1. d4 Nf6 2. c4 g6 3. Nc3 d5 4. Nf3 Bg7 5. Bg5 Ne4 6. cxd5 Nxc3 7. bxc3 Qxd5 8.
Bf4 Qa5 9. Qd2 c5 10. e3 Nc6 11. Be2 O-O 12. O-O Rd8 13. Qb2 a6 14. Rfd1 cxd4
15. exd4 b5 16. a3 h6 17. Rac1 Be6 18. Ne1 g5 19. Bg3 Rac8 20. Nd3 Bc4 21. Bf1
Nxd4 22. cxd4 Bxd4 23. Qb4 Qxb4 24. axb4 f6 25. Nc5 e5 26. Bxc4+ bxc4 27. Kf1
c3 28. Nxa6 Rc4 29. Ke2 Rd6 30. b5 Rb6 31. Kd3 Rc8 32. Nb4 Rxb5 33. Nc2 Bc5 34.
f3 Rb7 35. Be1 Rd7+ 36. Ke2 Bd4 37. Rd3 Rc4 38. Rcd1 Rdc7 39. Nxd4 exd4 40. Bf2
c2 41. Rc1 Kf7 42. Rxd4 R4c6 43. Kd2 h5 44. Rd3 Kg6 45. Bd4 g4 46. fxg4 hxg4
47. Bc3 Rh7 48. h3 gxh3 49. gxh3 Rh5 50. Kxc2 Rc4 51. Rf1 f5 52. Kb3 Rch4 53.
Rff3 f4 54. Ka4 Rf5 55. Ba5 Rh7 56. Rd6+ Kh5 57. Bb6 Re7 58. Rd4 Re3 59. Rxe3
fxe3 60. Re4 Rf3 61. h4 e2 62. Rxe2 Kxh4 63. Rg2 Rf4+ 64. Kb3 Rg4 65. Rf2 Re4
66. Kc3 Kg3 67. Rf6 Kg4 68. Kd3 Re8 69. Bc7 Kg5 70. Rf1 Kg4 71. Kd4 Re2 72. Ba5
Re8 73. Rf2 Kg3 74. Rf7 Kg4 75. Bc3 Re2 76. Kd5 Kg5 77. Be5 Kg6 78. Rf1 Kg5 79.
Ke6 Kg4 80. Rf4+ Kg5 81. Rf1 1/2-1/2

[Event "DBMM 2015 (XV.)"]
[Site "München"]
[Date "2015.10.24"]
[Round "5.4"]
[White "WFM Gempe, Anet"]
[Black "Binnewies, Markus"]
[Result "1/2-1/2"]
[WhiteElo "2045"]
[BlackElo "1605"]
[PlyCount "74"]
[EventDate "2015.10.24"]
[EventRounds "7"]
[EventCountry "GER"]
[WhiteTeam "ADAC München 1"]
[BlackTeam "imp GmbH Halle/Saale 1"]

1. e4 d6 2. d4 Nf6 3. Nc3 Nbd7 4. Nf3 e5 5. dxe5 dxe5 6. a3 Be7 7. Bd3 c6 8.
O-O O-O 9. b4 Qc7 10. Ne2 b5 11. Ng3 Re8 12. c4 a5 13. Bd2 axb4 14. axb4 Rxa1
15. Qxa1 Bb7 16. c5 Ra8 17. Qb2 Bc8 18. Bc3 Qd8 19. Bc2 Qf8 20. Nxe5 Nxe5 21.
Bxe5 Be6 22. Ra1 Rxa1+ 23. Qxa1 Nd7 24. Bc3 Bf6 25. Bxf6 Nxf6 26. Qd4 Qa8 27.
h4 Qb8 28. h5 Nd7 29. Nf5 Qe5 30. Qxe5 Nxe5 31. f4 Bxf5 32. exf5 Nd7 33. Be4
Nb8 34. g4 h6 35. Kf2 f6 36. Kg3 Kf7 37. Bc2 Na6 1/2-1/2

[Event "DBMM 2015 (XV.)"]
[Site "München"]
[Date "2015.10.24"]
[Round "5.1"]
[White "Rubke, Manfred"]
[Black "Brendemühl, Bernd"]
[Result "1-0"]
[WhiteElo "2123"]
[BlackElo "1858"]
[PlyCount "115"]
[EventDate "2015.10.24"]
[EventRounds "7"]
[EventCountry "GER"]
[WhiteTeam "SV Osram Augsburg 2"]
[BlackTeam "Europäisches Patentamt Mü. 3"]

1. c4 Nf6 2. f4 c6 3. d4 d5 4. e3 g6 5. Nc3 Bg7 6. Nf3 O-O 7. Bd3 Bg4 8. O-O e6
9. Qc2 Bxf3 10. Rxf3 Nbd7 11. c5 b6 12. Na4 b5 13. Nc3 Ne8 14. g4 Qh4 15. Rg3
f6 16. Qg2 Nc7 17. Bd2 f5 18. g5 e5 19. dxe5 Nxe5 20. Be2 Nc4 21. Rh3 Qxh3 22.
Qxh3 Nxd2 23. Rd1 Bxc3 24. bxc3 Ne4 25. c4 bxc4 26. Bxc4 Rad8 27. Bb3 Nxc5 28.
Rc1 N7e6 29. Qg2 Rb8 30. Qb2 Nd3 31. Qc2 Nxc1 32. Qxc1 Rb6 33. Qc3 Rfb8 34. Kf2
a6 35. h4 Ng7 36. Ke2 Nh5 37. Kf3 Ng7 38. Ba4 Ne6 39. Qe5 Nd8 40. Qe8+ Kg7 41.
h5 gxh5 42. Qe5+ Kg8 43. Qxf5 a5 44. Bc2 R6b7 45. e4 dxe4+ 46. Qxe4 Ra8 47.
Qe8+ Kg7 48. Qxh5 Kg8 49. Qe8+ Kg7 50. f5 Rf7 51. f6+ Rxf6+ 52. gxf6+ Kxf6 53.
Bxh7 Rb8 54. Be4 c5 55. Bd5 Rc8 56. Bc4 a4 57. Kf4 a3 58. Qf8+ 1-0

[Event "DBMM 2015 (XV.)"]
[Site "München"]
[Date "2015.10.24"]
[Round "5.2"]
[White "Bumes, Konrad"]
[Black "Tokarev, Igor"]
[Result "0-1"]
[WhiteElo "2022"]
[BlackElo "1988"]
[PlyCount "146"]
[EventDate "2015.10.24"]
[EventRounds "7"]
[EventCountry "GER"]
[WhiteTeam "Europäisches Patentamt Mü. 3"]
[BlackTeam "SV Osram Augsburg 2"]

1. d4 Nf6 2. c4 e6 3. Nc3 Bb4 4. Qc2 d5 5. e3 O-O 6. Nf3 b6 7. cxd5 exd5 8. Bd3
Bb7 9. O-O a6 10. Ne5 Nbd7 11. Bf5 g6 12. Nxd7 Nxd7 13. Bd3 Qe7 14. a3 Bd6 15.
e4 dxe4 16. Nxe4 Nf6 17. Nxf6+ Qxf6 18. Be3 Rfe8 19. Rae1 Qh4 20. g3 Qh3 21. f3
Qd7 22. Be4 Rab8 23. Bxb7 Rxb7 24. Bf2 Rbb8 25. Re2 Qb5 26. Rfe1 Rxe2 27. Qxe2
Qxe2 28. Rxe2 Kf8 29. Be3 f6 30. Bd2 Kf7 31. Kf2 Rd8 32. Bc3 Bf8 33. g4 Rd5 34.
h3 Bd6 35. Rc2 Ke6 36. Re2+ Kd7 37. Ke3 Bf8 38. Ke4 c6 39. Kd3 Bd6 40. Re4 a5
41. a4 Bc7 42. Kc4 Bd6 43. b4 axb4 44. Bxb4 Bxb4 45. Kxb4 f5 46. Rf4 Ke6 47. g5
h5 48. Kc4 Kd6 49. Kc3 Kc7 50. Kb3 Kb7 51. Ka3 Ka6 52. Kb4 Kb7 53. Ka3 Ka6 54.
Kb4 Kb7 55. Kc4 Kc7 56. Kc3 Kd6 57. Kc4 Ra5 58. Kb4 Kd5 59. Kb3 Ra8 60. Kb4 Re8
61. a5 bxa5+ 62. Kxa5 Rb8 63. Ka4 Rb1 64. Ka5 Rb2 65. Ka4 Rc2 66. Ka5 Rc4 67.
Kb6 Rxd4 68. Rxd4+ Kxd4 69. Kxc6 Ke3 70. Kd6 Kxf3 71. Ke6 Kg3 72. Kf6 f4 73.
Kxg6 f3 0-1

[Event "DBMM 2015 (XV.)"]
[Site "München"]
[Date "2015.10.24"]
[Round "5.4"]
[White "Santos, Paulo"]
[Black "Roser, Ludwig"]
[Result "1/2-1/2"]
[WhiteElo "1833"]
[BlackElo "1776"]
[PlyCount "118"]
[EventDate "2015.10.24"]
[EventType "swiss"]
[EventRounds "7"]
[EventCountry "GER"]
[WhiteTeam "Europäisches Patentamt Mü. 3"]
[BlackTeam "SV Osram Augsburg 2"]

1. e4 d6 2. Nc3 e5 3. g3 Nc6 4. Bg2 Nf6 5. d3 Be7 6. Nge2 O-O 7. O-O Bg4 8. h3
Bh5 9. f4 Bxe2 10. Nxe2 Nh5 11. f5 Nf6 12. Be3 d5 13. g4 h6 14. Ng3 dxe4 15.
dxe4 Qxd1 16. Rfxd1 Nb4 17. Rdc1 Rfd8 18. a3 Na6 19. b4 c6 20. Bf1 Nc7 21. c4
b6 22. Rd1 Nce8 23. Bd3 Rd7 24. Rd2 Rad8 25. Rad1 Nh7 26. Bc2 Rxd2 27. Rxd2
Rxd2 28. Bxd2 Bg5 29. Bc3 Bf4 30. Kg2 c5 31. Ne2 Nd6 32. Nxf4 exf4 33. Bd3 Ng5
34. e5 f3+ 35. Kf1 Nde4 36. Be1 f2 37. Bxf2 Nxf2 38. Kxf2 Nxh3+ 39. Ke3 cxb4
40. axb4 Kf8 41. c5 Ke7 42. c6 a5 43. bxa5 bxa5 44. Bf1 Ng5 45. Bg2 g6 46. Kd4
Kd8 47. Kc5 Kc7 48. Kb5 h5 49. gxh5 gxh5 50. Kxa5 h4 51. Kb5 h3 52. Bd5 h2 53.
Kc4 Nh3 54. e6 fxe6 55. fxe6 Kd6 56. Kd4 Nf4 57. Bf3 Nxe6+ 58. Ke3 Nd8 59. Kf2
Nxc6 1/2-1/2

[Event "DBMM 2015 (XV.)"]
[Site "München"]
[Date "2015.10.24"]
[Round "5.1"]
[White "Hein, Ralf"]
[Black "Gebert Vangeel, Ralf"]
[Result "0-1"]
[WhiteElo "2040"]
[BlackElo "2041"]
[PlyCount "120"]
[EventDate "2015.10.??"]
[EventType "swiss"]
[EventRounds "7"]
[EventCountry "GER"]
[SourceDate "2015.10.22"]
[WhiteTeam "Baubehoerde Hamburg"]
[BlackTeam "SV Osram Berlin"]
[WhiteTeamCountry "GER"]
[BlackTeamCountry "GER"]

1. c4 e5 2. Nc3 Nf6 3. g3 Nc6 4. Bg2 Bc5 5. e3 O-O 6. Nge2 Re8 7. O-O Bf8 8. d4
d6 9. d5 Ne7 10. e4 Ng6 11. b4 Bd7 12. Be3 Ng4 13. Qd3 Qc8 14. f4 exf4 15. Nxf4
N6e5 16. Qe2 Nxe3 17. Qxe3 Nxc4 18. Qf2 Ne5 19. Rac1 Qd8 20. Rc2 Qg5 21. Rfc1
Qh6 22. Qe2 g5 23. Nd3 Bg4 24. Qf1 Nc4 25. Nf2 Ne3 26. Nxg4 Nxg4 27. Qd3 Qxh2+
28. Kf1 Ne5 29. Qe3 Bh6 30. Ne2 g4 31. Nf4 Ng6 32. Rf2 Bxf4 33. gxf4 Nh4 34.
Rc3 h5 35. f5 Nxg2 36. Qg5+ Kh7 37. Rxg2 Qh1+ 38. Kf2 Rg8 39. Qf4 Qh4+ 40. Ke2
Rac8 41. Kd3 Qg5 42. Qf2 g3 43. Qc2 Qe7 44. Kc4 c6 45. Kb3 Qe5 46. Qe2 Rg5 47.
Qf3 h4 48. a4 Re8 49. dxc6 bxc6 50. Rc4 h3 51. Rg1 h2 52. Rh1 Kg7 53. Qg2 d5
54. Rxc6 Qxe4 55. Rxh2 Qb1+ 56. Qb2+ Qxb2+ 57. Rxb2 g2 58. Rxg2 Rxg2 59. b5
Re3+ 60. Kb4 Rg4+ 0-1

[Event "DBMM 2015 (XV.)"]
[Site "München"]
[Date "2015.10.24"]
[Round "5.2"]
[White "Eisermann, Daniel"]
[Black "Kaliski, Achim"]
[Result "1/2-1/2"]
[WhiteElo "1959"]
[BlackElo "1976"]
[PlyCount "21"]
[EventDate "2015.10.??"]
[EventType "swiss"]
[EventRounds "7"]
[EventCountry "GER"]
[SourceDate "2015.10.22"]
[WhiteTeam "SV Osram Berlin"]
[BlackTeam "Baubehoerde Hamburg"]
[WhiteTeamCountry "GER"]
[BlackTeamCountry "GER"]

1. e4 e5 2. Nf3 Nf6 3. Nc3 Nc6 4. Bb5 Nd4 5. Nxd4 exd4 6. e5 dxc3 7. exf6 Qxf6
8. dxc3 Be7 9. O-O O-O 10. Qd4 Qxd4 11. cxd4 1/2-1/2

[Event "DBMM 2015 (XV.)"]
[Site "München"]
[Date "2015.10.24"]
[Round "5.3"]
[White "Buchholz, Robert"]
[Black "Mueller, Gerd"]
[Result "1-0"]
[WhiteElo "1990"]
[BlackElo "1820"]
[PlyCount "159"]
[EventDate "2015.10.??"]
[EventType "swiss"]
[EventRounds "7"]
[EventCountry "GER"]
[SourceDate "2015.10.22"]
[WhiteTeam "Baubehoerde Hamburg"]
[BlackTeam "SV Osram Berlin"]
[WhiteTeamCountry "GER"]
[BlackTeamCountry "GER"]

1. d4 Nf6 2. c4 e6 3. Nf3 b6 4. e3 Bb7 5. Be2 Be7 6. O-O O-O 7. Nc3 d5 8. cxd5
exd5 9. Bd2 Nbd7 10. Rc1 Re8 11. Ne1 Nf8 12. Nd3 Ng6 13. a3 a5 14. Qb3 Bd6 15.
Nb5 Ne4 16. Qd1 Ba6 17. Nxd6 Qxd6 18. Ne1 Bxe2 19. Qxe2 c5 20. Nf3 c4 21. a4
Nxd2 22. Qxd2 Qb4 23. Qc2 b5 24. axb5 Qxb5 25. Ra1 a4 26. g3 h6 27. Nd2 Rec8
28. Rfc1 Ne7 29. e4 Nc6 30. Qc3 Nb4 31. exd5 Nxd5 32. Qa3 Nb4 33. Qc3 Nd3 34.
Rc2 Qf5 35. Nxc4 Nb4 36. Rcc1 Nd5 37. Qd2 Rd8 38. Ne3 Qe4 39. Rc5 Nb6 40. d5
Rd6 41. h3 Rad8 42. Rd1 f5 43. Qd4 Qf3 44. Qf4 Qxf4 45. gxf4 g6 46. Rd4 Kf7 47.
Kf1 Kf6 48. h4 g5 49. fxg5+ hxg5 50. hxg5+ Kxg5 51. f4+ Kf6 52. Ke2 R8d7 53.
Kd2 Rd8 54. Kc3 Nd7 55. Rc6 Nb6 56. Rxd6+ Rxd6 57. Kb4 Nd7 58. Kxa4 Ra6+ 59.
Kb4 Rb6+ 60. Kc3 Nc5 61. b4 Ne4+ 62. Kc4 Rd6 63. b5 Ng3 64. Kb4 Ne2 65. Kc5
Nxd4 66. Kxd6 Nxb5+ 67. Kd7 Nd4 68. d6 Ne6 69. Nd5+ Kf7 70. Kc8 Ke8 71. d7+ Kf7
72. Nc7 Nxf4 73. d8=Q Kg6 74. Qh4 Nh5 75. Ne6 Nf6 76. Kd8 Nd5 77. Ke8 Nf6+ 78.
Ke7 Ne4 79. Nf8+ Kg7 80. Qh7# 1-0

[Event "DBMM 2015 (XV.)"]
[Site "München"]
[Date "2015.10.24"]
[Round "5.1"]
[White "FM Koscielski, Janusz"]
[Black "Urban, Ralf-Dieter"]
[Result "1/2-1/2"]
[WhiteElo "2376"]
[BlackElo "2063"]
[PlyCount "55"]
[EventDate "2015.10.24"]
[EventRounds "7"]
[EventCountry "GER"]
[WhiteTeam "EKJ Herne und Wanne-Eickel 1"]
[BlackTeam "Transit Hühnerposten Hamburg 1"]

1. e4 e5 2. Nf3 Nc6 3. Nc3 Nf6 4. Bb5 Bb4 5. O-O O-O 6. d3 d6 7. Bg5 Ne7 8. Ne2
c6 9. Ba4 Ng6 10. h3 h6 11. Be3 d5 12. c3 Bd6 13. Ng3 Be6 14. Bc2 Qc7 15. Nh2
Rad8 16. Qf3 c5 17. Ng4 Nxg4 18. hxg4 d4 19. Bd2 c4 20. Nf5 dxc3 21. Bxc3 Nf4
22. dxc4 Bxc4 23. Rfe1 Bc5 24. Ne3 Bd3 25. Bb3 Bd4 26. Nd5 Nxd5 27. Bxd4 Nf4
28. Bc3 1/2-1/2

[Event "DBMM 2015 (XV.)"]
[Site "München"]
[Date "2015.10.24"]
[Round "5.2"]
[White "Meister, Bernd-Holger"]
[Black "WFM Leveikina, Jevgenij"]
[Result "0-1"]
[WhiteElo "1819"]
[BlackElo "2137"]
[PlyCount "69"]
[EventDate "2015.10.24"]
[EventRounds "7"]
[EventCountry "GER"]
[WhiteTeam "Transit Hühnerposten Hamburg 1"]
[BlackTeam "EKJ Herne und Wanne-Eickel 1"]

1. e4 c6 2. d4 d5 3. Nc3 dxe4 4. Nxe4 Nf6 5. Nxf6+ exf6 6. c3 Bd6 7. Bd3 O-O 8.
Ne2 Qc7 9. Be3 Nd7 10. Qc2 g6 11. h4 Re8 12. h5 Nf8 13. O-O-O Be6 14. c4 c5 15.
d5 Bg4 16. hxg6 fxg6 17. Rde1 b5 18. cxb5 a6 19. Nc3 c4 20. Be4 f5 21. b6 Qf7
22. f3 Bh5 23. Rxh5 fxe4 24. Rh3 exf3 25. Rxf3 Qe7 26. Qd2 Nd7 27. Bf2 Ne5 28.
Rfe3 Qf8 29. Kb1 Qf5+ 30. Qc2 Qd7 31. Qe4 Bc5 32. Bg3 Bxe3 33. Bxe5 Bxb6 34.
Qxc4 Qf5+ 35. Qe4 0-1

[Event "DBMM 2015 (XV.)"]
[Site "München"]
[Date "2015.10.24"]
[Round "5.3"]
[White "Selmanaj, Agim"]
[Black "Bohn, Christoph"]
[Result "1-0"]
[WhiteElo "1599"]
[BlackElo "1920"]
[PlyCount "82"]
[EventDate "2015.10.24"]
[EventRounds "7"]
[EventCountry "GER"]
[WhiteTeam "EKJ Herne und Wanne-Eickel 1"]
[BlackTeam "Transit Hühnerposten Hamburg 1"]

1. g3 Nf6 2. Nf3 Nc6 3. Bg2 e5 4. d3 d5 5. O-O h6 6. Nbd2 Be6 7. e4 d4 8. Nb3
a5 9. a4 Qd7 10. Ne1 Bd6 11. f4 Bxb3 12. cxb3 O-O-O 13. fxe5 Bxe5 14. Bf4 Rde8
15. Rc1 g5 16. Bxe5 Nxe5 17. Rxf6 Re6 18. Rxe6 fxe6 19. Nf3 Ng4 20. Qe1 Ne3 21.
Qxa5 Kb8 22. Qe5 Rd8 23. Qb5 Qxb5 24. axb5 Rd7 25. Ne5 Rd8 26. Bh3 h5 27. b6 c6
28. Nc4 g4 29. Bg2 Kc8 30. Kf2 Rf8+ 31. Ke2 Nxg2 32. Rg1 Ne3 33. Nxe3 dxe3 34.
Kxe3 c5 35. Rc1 Kd7 36. Rxc5 h4 37. Rc7+ Kd6 38. Rxb7 Kc6 39. Re7 Kxb6 40.
Rxe6+ Kb5 41. Re5+ Kb4 1-0

[Event "DBMM 2015 (XV.)"]
[Site "München"]
[Date "2015.10.24"]
[Round "5.4"]
[White "Leube, Oliver"]
[Black "Rhein, Volker"]
[Result "1-0"]
[WhiteElo "1928"]
[BlackElo "1300"]
[PlyCount "65"]
[EventDate "2015.10.24"]
[EventRounds "7"]
[EventCountry "GER"]
[WhiteTeam "Transit Hühnerposten Hamburg 1"]
[BlackTeam "EKJ Herne und Wanne-Eickel 1"]

1. d4 d5 2. c4 dxc4 3. Qa4+ Bd7 4. Qxc4 Nf6 5. Nf3 Be6 6. Qc2 g6 7. e3 Bg7 8.
Bd3 O-O 9. Nc3 c6 10. Bd2 Nbd7 11. Ng5 Nd5 12. Nxe6 fxe6 13. Ne4 e5 14. Nc5
exd4 15. Ne6 Qb6 16. Nxf8 Rxf8 17. e4 N5f6 18. O-O Ne5 19. b4 Qc7 20. f4 Neg4
21. Rac1 e5 22. h3 Nh6 23. fxe5 Qxe5 24. Bf4 Qe7 25. Qd2 Nf7 26. e5 Nd5 27. e6
Nd6 28. Bxd6 Qxd6 29. Rxf8+ Bxf8 30. Bc4 Ne7 31. Qf2 Bg7 32. Qf7+ Kh8 33. Qe8+
1-0